| 000 | 00602nam a22001817a 4500 | ||
|---|---|---|---|
| 010 | _aENG-143083 | ||
| 020 |
_a9789361636271 _c890.00 |
||
| 035 | _aEN-126615 | ||
| 037 | _bDBAD | ||
| 082 | _a616.075 | ||
| 100 |
_aNagarajan, R. _975171 |
||
| 245 |
_aExploringh the Unexplored: _bHealth & Labour/ _cby R. Nagarajan [and] Blessy Rao |
||
| 260 |
_aTamil Nadu _bShanlax publications _c2024 |
||
| 270 |
_a61, 66 T.P.K. Main Road, Vasantha Nagar, _bMadurai, Tamil Nadu _e625003 |
||
| 300 |
_a377p. _c25cm(pb) |
||
| 700 |
_aRao, Blessy _eAuthor _975172 |
||
| 942 |
_2ddc _cEN _h616.075 _mNAG |
||
| 999 |
_c207703 _d207703 |
||